Electronic construction handbook (Record no. 2372)

MARC details
000 -LEADER
fixed length control field 00522nam a2200181Ia 4500
003 - CONTROL NUMBER IDENTIFIER
control field IN-BaIIA
008 - FIXED-LENGTH DATA ELEMENTS--GENERAL INFORMATION
fixed length control field 211028s9999 xx 000 0 eng d
040 ## - CATALOGING SOURCE
Transcribing agency IIA Library
080 ## - UNIVERSAL DECIMAL CLASSIFICATION NUMBER
Universal Decimal Classification number 621.38
Item number LEW
245 #0 - TITLE STATEMENT
Title Electronic construction handbook
Statement of responsibility, etc. edited by Robert F. Lewis and Marvin Margoshes
260 ## - PUBLICATION, DISTRIBUTION, ETC.
Place of publication, distribution, etc. Wilson Com.
Name of publisher, distributor, etc. Radio Publications
300 ## - PHYSICAL DESCRIPTION
Extent 136p.
650 ## - SUBJECT ADDED ENTRY--TOPICAL TERM
Topical term or geographic name entry element Electronic Equipment
9 (RLIN) 3162
650 ## - SUBJECT ADDED ENTRY--TOPICAL TERM
Topical term or geographic name entry element Electronics
9 (RLIN) 1576
650 ## - SUBJECT ADDED ENTRY--TOPICAL TERM
Topical term or geographic name entry element NASA Thesaurus
700 ## - ADDED ENTRY--PERSONAL NAME
Personal name Lewis, Robert F., ed.
9 (RLIN) 4246
942 ## - ADDED ENTRY ELEMENTS (KOHA)
Koha item type Books
Holdings
Withdrawn status Lost status Damaged status Not for loan Home library Current library Shelving location Date acquired Cost, normal purchase price Total Checkouts Full call number Barcode Date last seen Cost, replacement price Price effective from Koha item type Purchase Price
        IIA Library-Bangalore IIA Library-Kavalur General Stacks 01/04/1965 14.75   621.38/ LEW 2653 05/11/2021 14.75 01/04/1965 Books Rs. 14.75

Powered by Koha